Eastern Utah Libraries Catalog: Duchesne, Heber, Roosevelt, & Vernal

The siege of Macindaw / (Record no. 62220)

MARC details
000 -LEADER
fixed length control field 01617cam a2200421 a 4500
001 - CONTROL NUMBER
control field BK0007965467
003 - CONTROL NUMBER IDENTIFIER
control field DLC
005 - DATE AND TIME OF LATEST TRANSACTION
control field 20241220123516.0
008 - FIXED-LENGTH DATA ELEMENTS--GENERAL INFORMATION
fixed length control field 080821r20092007nyu c 000 1 eng d
010 ## - LIBRARY OF CONGRESS CONTROL NUMBER
LC control number 2008032630
020 ## - INTERNATIONAL STANDARD BOOK NUMBER
International Standard Book Number 9780399250330 : SAL
Terms of availability 18.99
020 ## - INTERNATIONAL STANDARD BOOK NUMBER
International Standard Book Number 0399250336 : SAL
Terms of availability 18.99
037 ## - SOURCE OF ACQUISITION
Source of stock number/acquisition Penguin Group USA, Order Processing Dept 120 Woodbine st, Bergenfield, NJ, USA, 07621
Note SAN 201-3975
040 ## - CATALOGING SOURCE
Original cataloging agency DLC
Transcribing agency DLC
Modifying agency DLC
-- NjBwBT
Description conventions rda
050 00 - LIBRARY OF CONGRESS CALL NUMBER
Classification number PZ7.F598284
Item number Si 2009
082 00 - DEWEY DECIMAL CLASSIFICATION NUMBER
Classification number [Fic]
Edition number 22
092 ## - LOCALLY ASSIGNED DEWEY CALL NUMBER (OCLC)
Classification number FIC
100 1# - MAIN ENTRY--PERSONAL NAME
Personal name Flanagan, John
Fuller form of name (John Anthony)
Dates associated with a name author
9 (RLIN) 6425623
245 14 - TITLE STATEMENT
Title The siege of Macindaw /
Statement of responsibility, etc John Flanagan.
246 ## - VARYING FORM OF TITLE
Remainder of title Ranger's Apprentice
246 ## - VARYING FORM OF TITLE
Remainder of title Ranger's Apprentice Book Six
246 ## - VARYING FORM OF TITLE
Remainder of title Ranger's Apprentice Book 6
250 ## - EDITION STATEMENT
Edition statement 1st American ed.
260 ## - PUBLICATION, DISTRIBUTION, ETC. (IMPRINT)
Place of publication, distribution, etc New York :
Name of publisher, distributor, etc Philomel Books,
Date of publication, distribution, etc 2009.
264 #1 - Production, Publication, Distribution, Manufacture, and Copyright Notice.
Place of production, publication, distribution, manufacture New York :
Name of producer, publisher, distributor, manufacturer Philomel Books,
Date of production, publication, distribution, manufacture, or copyr 2009.
300 ## - PHYSICAL DESCRIPTION
Extent 293 p. ;
Dimensions 24 cm.
336 ## - Content Type
Content type term text
337 ## - Media type
Media type term unmediated
338 ## - Carrier type
Carrier type term volume
440 ## - SERIES STATEMENT/ADDED ENTRY--TITLE
Title Ranger's Apprentice :
Volume number/sequential designation Book 6.
9 (RLIN) 6185286
500 ## - GENERAL NOTE
General note Originally published: North Sydney, N.S.W. : Random House Australia, 2007.
520 ## - SUMMARY, ETC.
Summary, etc Now a full-fledged Ranger, Will must rescue his friend Alyss from a rogue knight and uncover vital information needed to ward off a Scotti invasion.
650 #1 - SUBJECT ADDED ENTRY--TOPICAL TERM
Topical term or geographic name as entry element Heroes
Form subdivision Fiction.
9 (RLIN) 5674995
650 #1 - SUBJECT ADDED ENTRY--TOPICAL TERM
Topical term or geographic name as entry element War
Form subdivision Fiction.
9 (RLIN) 6364931
650 #1 - SUBJECT ADDED ENTRY--TOPICAL TERM
Topical term or geographic name as entry element Fantasy.
9 (RLIN) 6194567
856 42 - ELECTRONIC LOCATION AND ACCESS
Materials specified Publisher description
Uniform Resource Identifier <a href="http://www.loc.gov/catdir/enhancements/fy0906/2008032630-d.html">http://www.loc.gov/catdir/enhancements/fy0906/2008032630-d.html</a>
942 00 - ADDED ENTRY ELEMENTS (KOHA)
Source of classification or shelving scheme Dewey Decimal Classification
Koha item type BOOK
Holdings
Withdrawn status Lost status Source of classification or shelving scheme Damaged status Not for loan Collection code Home library Current library Shelving location Date acquired Source of acquisition Serial Enumeration / chronology Total Checkouts Total Renewals Full call number Barcode Checked out Date last seen Date checked out Cost, replacement price Price effective from Koha item type
    Dewey Decimal Classification     Junior Fiction Wasatch County Library Wasatch County Library Main Floor Junior Area 06/21/2023 Amazon #6 Ranger's Apprentice 10 13 J Flanagan 34301002030635 04/17/2026 03/09/2026 03/09/2026 18.99 06/21/2023 BOOK
This project was made possible through a grant from the Institute of Museum and Library Service administered by the Utah State Library Division.

Wasatch County Library

  • 465 East 1200 South, Heber City, Utah 84032
  • Phone 435-654-1511 | Fax 435-654-6456

Hours

  • Monday - Friday 9:30 AM - 8:00 PM
  • Saturday 9:30 AM - 1:30 PM
  • Closed Sundays and Holidays